000 00325 a2200145 4500
082 _a910.4
090 _c7074
_d7074
100 _aIbne Insha
245 _aDniya gol hai
_cIbne Insha
260 _aLahore
_bLahore Academy
_c2010
300 _a320 p.
650 _aUrdu fiction
700 _aIbne Insha
942 _cBK
_k910.4 IBN
999 _c10879
_d10879